000 02638cam a22006374i 4500
003 PE-LiUPU
005 20250731170421.0
008 180504s2016 sp rb 000 0 spa d
020 _a8449332745
020 _a9788449332746
035 _a(Sirsi) a241840
040 _aPE-LiUPU
_bspa
_cPE-LiUPU
_erda
049 _aPRUA
082 0 4 _a150
_bP95
_220
100 1 _aPulido Bedoya, David,
_eautor.
245 1 1 _a¿Nos estamos volviendo locos? :
_bun viaje a los misterios de la psicología y a nuestras pequeñas locuras cotidianas /
_cDavid Pulido Bedoya.
264 1 _aBarcelona :
_bPaidós,
_c2016.
300 _a271 páginas ;
_c22 centímetros.
336 _atext
_2rdacontent
337 _aunmediated
_2rdamedia
338 _avolume
_2rdacarrier
490 0 _aDivulgación
504 _aBibliografía : páginas 269-271.
505 0 _aDesarma la locura -- La emoción invasora -- El trastorno bipolar está de moda -- La apatía y la invocación de la voluntad -- La ira y la descargas -- La ansiedad y la respuesta de emergencia -- Los ataques de pánico y el miedo al miedo -- El estrés y el desgaste inadvertido -- La fobias y el origen del miedo -- El enemigo interior -- El yo oculto -- El control de los pensamientos y el discurso racional -- Fenómenos nada paranormales -- El insomnio y su paradoja -- La disfunción eréctil -- La obsesiones -- El trastorno obsesivo-compulsivo -- El desertor involuntario -- La asignatura de habilidades sociales -- La asertividad -- La locura del encasillamiento -- Enamorarse y todo lo contrario -- Un parón en la rutina -- Una sociedad que no nos quiere cuerdos.
526 _aSEG68
526 _aSEG70
526 _aSEG69
526 _aSEG67
526 _aSEG43
526 _aP144
526 _aP143
526 _aP131
526 _aP122
526 _aP120
526 _aP117
526 _aP112
526 _aP110
526 _aP106
526 _aP101
526 _aP80
526 _aP59
526 _aP54
526 _aP35
526 _aP33
526 _aP30
541 _g0021-0005351;
650 0 4 _aComportamiento humano.
650 0 4 _aHuman behavior.
650 0 4 _aPsychology of behavior.
650 0 4 _aPsicología de la conducta.
910 _adbm
_bjpc
_cjpc
_d20180504
942 _2ddc
_cBOOK
994 _aC0
_bPEPRU
596 _a1
999 _a150 P95
_wDEWEY
_c27398
_i78423
_f2019-12-10
_g1
_lCCODEBUL1
_mBUL
_p25.99
_r0
_sY
_tBOOK
_u2018-5-4
_xSALUD
_zP33
_0COMPRA
_1FCOMPRA
_o.STAFF. Colección Ciencias de la Salud
_d27398
980 _81
_gALBERTO SANCHEZ Responsable de Automatización